NCAAM Basketball Logo Quiz: Mountain West - Statistics

General Stats
  • This quiz has been taken 189 times
    37 since last reset
  • The average score is 11 of 12
Answer Stats
Picture Answer % Correct
Air Force
100%
Boise St.
100%
New Mexico
100%
Colorado St.
97%
Fresno St.
97%
Grand Canyon
97%
San Diego St.
97%
Wyoming
97%
Nevada
94%
Utah St.
94%
San Jose St.
91%
UNLV
68%
No matching quizzes found
Score Distribution
Percent of People with Each Score
Percentile by Number Answered
Your Score History
You have not taken this quiz since the last reset